Underground Nu Metal Quiz #2 - Statistics

General Stats
  • This quiz has been taken 21 times
  • The average score is 10 of 15
Answer Stats
Album Band % Correct
Stepa Stepa
100%
White Trash Summer Blister 66
77%
Electro Pop Metal Flipzyde
77%
Everybodys Walking... Away Eastcide
69%
One Nation Under From Zero
69%
Please Remain Seeded Seeded Crown
69%
Shut Your Breath Simon Says
69%
New Killer America Skrape
69%
Thoughts Are Thought Swift
69%
A Series Of Moments 8 Degrees
62%
Tsunami Kink
62%
And I Wake Up Bleeding Helio
54%
Life To Me Mainstay
54%
Black Dahlia Perfect Nothing
38%
Circles Five Foot Thick
31%
No matching quizzes found
Score Distribution
Percent of People with Each Score
Percentile by Number Answered
Your Score History
You have not taken this quiz